Eastern Utah Libraries Catalog: Duchesne, Heber, Roosevelt, & Vernal

Father of the Bride (Record no. 380122)

MARC details
000 -LEADER
fixed length control field 02163ngm a22005412a 4500
005 - DATE AND TIME OF LATEST TRANSACTION
control field 20230109173201.0
007 - PHYSICAL DESCRIPTION FIXED FIELD--GENERAL INFORMATION
fixed length control field vd cvaizk
008 - FIXED-LENGTH DATA ELEMENTS--GENERAL INFORMATION
fixed length control field 221209s2022 xxu115 e vleng d
020 ## - INTERNATIONAL STANDARD BOOK NUMBER
Terms of availability $23.99
024 1# - OTHER STANDARD IDENTIFIER
Standard number or code 883929802654
040 ## - CATALOGING SOURCE
Language of cataloging eng
Description conventions rda
Modifying agency CTMMSN
082 04 - DEWEY DECIMAL CLASSIFICATION NUMBER
Classification number [Fic]
Edition number 23
245 00 - TITLE STATEMENT
Title Father of the Bride
Medium [videorecording].
264 #1 - Production, Publication, Distribution, Manufacture, and Copyright Notice.
Place of production, publication, distribution, manufacture [Burbank, California?] :
Name of producer, publisher, distributor, manufacturer [Warner Home Video],
Date of production, publication, distribution, manufacture, or copyr [2022]
264 #2 - Production, Publication, Distribution, Manufacture, and Copyright Notice.
Place of production, publication, distribution, manufacture Old Saybrook, Connecticut :
Name of producer, publisher, distributor, manufacturer www.micromarketing.org
300 ## - PHYSICAL DESCRIPTION
Extent 1 videodisc (ca. 115 min.) :
Other physical details sd., col. ;
Dimensions 4 3/4 in.
336 ## - Content Type
Content type term two-dimensional moving image
337 ## - Media type
Media type term video
338 ## - Carrier type
Carrier type term videodisc
344 ## -
-- digital
-- optical
-- stereo
-- rda
345 ## -
-- widescreen (1.78:1)
-- 24 fps
-- rda.
346 ## -
-- NTSC
-- rda
347 ## -
-- video file
-- DVD video
-- region 1
-- rda
500 ## - GENERAL NOTE
General note 12/27/2022.
500 ## - GENERAL NOTE
General note Widescreen edition.
500 ## - GENERAL NOTE
General note [Typographic symbols and accents removed for systems compatibility.]
508 ## - CREATION/PRODUCTION CREDITS NOTE
Creation/production credits note Director, Gary Alazraki.
511 1# - PARTICIPANT OR PERFORMER NOTE
Participant or performer note Andy Garcia, Gloria Estefan, Adria Arjona, Isabela Merced, Diego Boneta, Chloe Fineman.
520 ## - SUMMARY, ETC.
Summary, etc The story of a father coming to grips with his daughter's upcoming wedding through the prism of multiple relationships within a big, sprawling Cuban‐American family.
521 8# - TARGET AUDIENCE NOTE
Target audience note Rating: PG-13.
538 ## - SYSTEM DETAILS NOTE
System details note DVD, color, widescreen, NTSC.
546 ## - LANGUAGE NOTE
Language note English, French, Spanish audio; French, Spanish subtitles.
546 ## - LANGUAGE NOTE
Language note English subtitles for the deaf and hard of hearing.
650 #0 - SUBJECT ADDED ENTRY--TOPICAL TERM
Topical term or geographic name as entry element Fathers and daughters
Form subdivision Drama.
9 (RLIN) 5690624
650 #0 - SUBJECT ADDED ENTRY--TOPICAL TERM
Topical term or geographic name as entry element Weddings
Geographic subdivision United States
Form subdivision Drama.
9 (RLIN) 6460734
650 #0 - SUBJECT ADDED ENTRY--TOPICAL TERM
Topical term or geographic name as entry element Weddings
Form subdivision Drama.
9 (RLIN) 5713449
655 #7 - INDEX TERM--GENRE/FORM
Genre/form data or focus term Feature films.
Source of term lcgft
655 #7 - INDEX TERM--GENRE/FORM
Genre/form data or focus term Comedy films.
655 #7 - INDEX TERM--GENRE/FORM
Genre/form data or focus term Families in motion pictures.
9 (RLIN) 6460735
700 1# - ADDED ENTRY--PERSONAL NAME
Personal name Garcia, Andy.
9 (RLIN) 64635
700 1# - ADDED ENTRY--PERSONAL NAME
Personal name Estefan, Gloria.
9 (RLIN) 35134
700 1# - ADDED ENTRY--PERSONAL NAME
Personal name Arjona, Adria.
9 (RLIN) 5729763
700 1# - ADDED ENTRY--PERSONAL NAME
Personal name Merced, Isabela.
9 (RLIN) 6426158
700 1# - ADDED ENTRY--PERSONAL NAME
Personal name Boneta, Diego.
9 (RLIN) 6408745
700 1# - ADDED ENTRY--PERSONAL NAME
Personal name Fineman, Chloe.
9 (RLIN) 6460736
700 1# - ADDED ENTRY--PERSONAL NAME
Personal name Streeter, Edward.
9 (RLIN) 6460737
949 ## - LOCAL PROCESSING INFORMATION (OCLC)
n www.MicroMarketing.org 800-229-9887
Holdings
Withdrawn status Lost status Source of classification or shelving scheme Damaged status Not for loan Collection code Home library Current library Shelving location Date acquired Source of acquisition Total Checkouts Total Renewals Full call number Barcode Date last seen Date checked out Cost, replacement price Price effective from Koha item type
    Dewey Decimal Classification     Movies Wasatch County Library Wasatch County Library Audio Visual Area 10/17/2023 Micromarketing 6 8 DVD Father 34301002003764 02/21/2025 02/10/2025 10.00 10/17/2023 DVD
This project was made possible through a grant from the Institute of Museum and Library Service administered by the Utah State Library Division.

Wasatch County Library

  • 465 East 1200 South, Heber City, Utah 84032
  • Phone 435-654-1511 | Fax 435-654-6456

Hours

  • Monday - Friday 9:30 AM - 8:00 PM
  • Saturday 9:30 AM - 1:30 PM
  • Closed Sundays and Holidays